Name That Guardian Player! - Statistics

General Stats
  • This quiz has been taken 3 times
  • The average score is 4 of 20
Answer Stats
Picture Answer % Correct
Jose Ramirez
100%
Bo Naylor
67%
Steven Kwan
67%
Tanner Bibee
67%
Austin Hedges
33%
Hunter Gaddis
33%
Jhonkensy Noel
33%
Kyle Manzardo
33%
Angel Martinez
0%
Brayan Rocchio
0%
Cade Smith
0%
Daniel Schneemann
0%
David Fry
0%
Gabriel Arias
0%
Gavin Williams
0%
Jakob Junis
0%
Joey Cantillo
0%
Lane Thomas
0%
Nolan Jones
0%
Tim Herrin
0%
No matching quizzes found
Score Distribution
Percent of People with Each Score
Percentile by Number Answered
Your Score History
You have not taken this quiz